AP Government Vocab Quiz 2 - Statistics

General Stats
  • This quiz has been taken 152 times
  • The average score is 10 of 15
Answer Stats
Hint/Question Answer % Correct
what type of grant do states prefer because they have control over where the money is spent block
85%
when the president uses the media to appeal to the American public directly is called the bully pulpit
84%
what constitution clause does US v. Lopez involve commerce clause
83%
when politicians redraw voting districts to gain an advantage in an election this is called gerrymandering
83%
what foundational document is an anti federalist paper that argued the best form of government is state and local government to manage the needs of the people brutus 1
81%
powers that both the national government and states have together are called __ powers concurrent
76%
when you formally charge a politician of wrongdoing this is called impeachment
73%
the only way to stop a filibuster is a __ which needs a 60% vote cloture
69%
this has the force of law but skips congress issued by the president executive order
69%
when a politician votes based on the needs of their constituents this is called delegate
67%
what type of democracy occurs when people play a role in deciding things participatory
59%
what document says the president must have energy and be able to respond to a problem or crisis right away Fed 70
51%
what type of committee irons out the difference between house/senate bills before they go to the president conference
50%
when the court is hesitant or cautious to overturn something this is called judicial restraint
50%
when you give a person a government job based on their support campaign spending is called patronage
47%
No matching quizzes found
Score Distribution
Percent of People with Each Score
Percentile by Number Answered
Your Score History
You have not taken this quiz